[Event "Estonian Championship"]
[Site "Tallinn"]
[Date "2000.04.29"]
[Round "1"]
[White "Sergejev, Roman"]
[Black "Shevtshenko, Robert"]
[Result "1-0"]
[WhiteElo "2377"]
[BlackElo "2347"]
[PlyCount "79"]
[EventDate "2000.04.29"]

1. e4 e5 2. Nf3 Nc6 3. Bc4 Nf6 4. d3 Be7 5. O-O O-O 6. h3 d6 7. c3 Na5 8. Bb5
a6 9. Ba4 b5 10. Bc2 c5 11. d4 Bb7 12. d5 Bc8 13. b3 Bd7 14. Nbd2 g6 15. c4 Nh5
16. Ne1 Bg5 17. Nd3 bxc4 18. bxc4 f5 19. exf5 Bxf5 20. Qe2 Ra7 21. Ne4 Bxc1 22.
Raxc1 Nxc4 23. Ndxc5 Na3 24. Ne6 Bxe6 25. dxe6 Nxc2 26. Rxc2 Nf4 27. Qd2 d5 28.
Ng3 Qd6 29. Re1 Re7 30. Nf1 Rxe6 31. Ne3 d4 32. Ng4 h5 33. Nh2 Qd5 34. f3 e4
35. fxe4 Rxe4 36. Rxe4 Qxe4 37. Nf3 d3 38. Rc7 Nxh3+ 39. Kh2 Nf4 40. Qc3 1-0

[Event "Estonian Championship"]
[Site "Tallinn"]
[Date "2000.04.29"]
[Round "1"]
[White "Kiik, Kalle"]
[Black "Seeman, Tarvo"]
[Result "1/2-1/2"]
[WhiteElo "2445"]
[BlackElo "2428"]
[PlyCount "21"]
[EventDate "2000.04.29"]

1. e4 c5 2. c3 d5 3. exd5 Qxd5 4. d4 Nf6 5. Nf3 Bg4 6. Be2 e6 7. h3 Bh5 8. O-O
Nc6 9. c4 Qd7 10. dxc5 Bxc5 11. Qxd7+ 1/2-1/2

[Event "Estonian Championship"]
[Site "Tallinn"]
[Date "2000.04.29"]
[Round "1"]
[White "Sepp, Olav"]
[Black "Rytshagov, Mihhail"]
[Result "1/2-1/2"]
[WhiteElo "2412"]
[BlackElo "2542"]
[PlyCount "107"]
[EventDate "2000.04.29"]

1. e4 c5 2. Nc3 Nc6 3. g3 g6 4. Bg2 Bg7 5. d3 d6 6. f4 e6 7. Nh3 Nge7 8. O-O
O-O 9. Be3 Rb8 10. Qd2 b5 11. a3 Nd4 12. Rab1 a5 13. Ne2 Nxe2+ 14. Qxe2 b4 15.
axb4 axb4 16. Qd2 Qc7 17. Kh1 Bb7 18. g4 f5 19. Ng5 Qd7 20. gxf5 exf5 21. Rg1
h6 22. Nh3 Rbc8 23. c4 bxc3 24. bxc3 Bc6 25. Nf2 Qe6 26. Rbe1 Rcd8 27. exf5
Bxg2+ 28. Rxg2 Qxf5 29. Ne4 Qd5 30. c4 Qc6 31. f5 Rxf5 32. Bxh6 Rdf8 33. Bxg7
Kxg7 34. Qe2 R8f7 35. Kg1 Kg8 36. Ng5 Re5 37. Qd2 Rff5 38. Ne4 Kg7 39. Ng3
Rxe1+ 40. Qxe1 Re5 41. Qc3 Qf3 42. Rf2 Qg4 43. Kh1 Nc6 44. Qa1 Qd7 45. Ne4 Nd4
46. Qg1 Rf5 47. Qg4 Qb7 48. Rxf5 Nxf5 49. Qg5 Qb1+ 50. Kg2 Qb2+ 51. Qd2 Qxd2+
52. Nxd2 Kf6 53. Kf3 d5 54. cxd5 1/2-1/2

[Event "Estonian Championship"]
[Site "Tallinn"]
[Date "2000.04.29"]
[Round "1"]
[White "Svirjov, Igor"]
[Black "Zjukin, Sergei"]
[Result "0-1"]
[WhiteElo "2346"]
[BlackElo "2391"]
[PlyCount "172"]
[EventDate "2000.04.29"]

1. d4 Nf6 2. Nf3 e6 3. e3 c5 4. Bd3 Nc6 5. O-O d5 6. b3 Qc7 7. Bb2 cxd4 8. exd4
Nb4 9. Bb5+ Bd7 10. Na3 a6 11. Bxd7+ Nxd7 12. c3 Nc6 13. c4 Be7 14. cxd5 exd5
15. Nc2 O-O 16. Ne3 Nf6 17. Ne5 Rfe8 18. Rc1 Bf8 19. Qf3 Rad8 20. Rc2 Qb6 21.
Nxc6 bxc6 22. Ng4 Nxg4 23. Qxg4 Re4 24. Qd1 Rde8 25. g3 Qb5 26. Kg2 Bb4 27. a4
Qb6 28. Qd3 g6 29. Rd1 h5 30. Bc1 Bf8 31. Be3 Kh7 32. Qc3 R4e6 33. Rd3 Qb7 34.
Bg5 Bb4 35. Qb2 Be7 36. Qc1 Bxg5 37. Qxg5 Kg7 38. Qd2 Qb6 39. Rf3 Re4 40. Rc5
R8e6 41. h4 Qb7 42. Qc3 Qb6 43. b4 Re1 44. Rf4 Rb1 45. b5 axb5 46. a5 Qb7 47.
Qa3 Ree1 48. a6 Qe7 49. Qf3 Rec1 50. Rxc1 Rxc1 51. a7 Ra1 52. Qc3 Rxa7 53. Qxc6
Qd7 54. Qf6+ Kg8 55. Qe5 Ra6 56. Rf3 Re6 57. Qf4 Re8 58. Qf6 Re6 59. Qg5 Kg7
60. Ra3 Qe7 61. Qc1 Re1 62. Qb2 Re2 63. Qc1 Qe4+ 64. Rf3 Rc2 65. Qg5 Rc6 66.
Qe5+ Qxe5 67. dxe5 b4 68. Rb3 Rb6 69. Kf3 Kf8 70. Ke3 Ke7 71. Kd4 Rb5 72. f3
Ke6 73. g4 Rb7 74. gxh5 gxh5 75. f4 Rb5 76. Kd3 Kf5 77. Ke3 Kg4 78. Rb1 b3 79.
Rg1+ Kf5 80. Rb1 b2 81. Kd3 Kxf4 82. Kc2 Ke3 83. Re1+ Kf2 84. Rb1 Ke2 85. Kc3
Rb7 86. Kc2 d4 0-1

[Event "Estonian Championship"]
[Site "Tallinn"]
[Date "2000.04.29"]
[Round "1"]
[White "Kulaots, Kaido"]
[Black "Kovaljov, Deniss"]
[Result "1-0"]
[WhiteElo "2507"]
[BlackElo "2275"]
[PlyCount "75"]
[EventDate "2000.04.29"]

1. e4 e6 2. d4 d5 3. Nc3 dxe4 4. Nxe4 Nd7 5. Nf3 Ngf6 6. Bg5 Be7 7. Nxf6+ Bxf6
8. h4 Qe7 9. Qd2 h6 10. Bxf6 Nxf6 11. O-O-O Bd7 12. Ne5 Nd5 13. Rh3 Nb4 14. Rg3
O-O-O 15. Rxg7 Be8 16. a3 Qf6 17. Rg4 Nc6 18. Nxc6 Bxc6 19. Qf4 Qxf4+ 20. Rxf4
f5 21. Re1 Rd6 22. Bc4 Kd7 23. g4 b5 24. Bd3 fxg4 25. Rxg4 Rf8 26. Rg7+ Kc8 27.
Rg6 Rxd4 28. Rgxe6 Bd7 29. Rxh6 Rxf2 30. Re4 Rd6 31. Rxd6 cxd6 32. Re7 Rh2 33.
Rh7 a5 34. h5 d5 35. b4 axb4 36. axb4 Bg4 37. h6 Rh5 38. Rh8+ 1-0

[Event "Estonian Championship"]
[Site "Tallinn"]
[Date "2000.04.30"]
[Round "2"]
[White "Seeman, Tarvo"]
[Black "Sepp, Olav"]
[Result "1/2-1/2"]
[WhiteElo "2428"]
[BlackElo "2412"]
[PlyCount "27"]
[EventDate "2000.04.29"]

1. d4 Nf6 2. c4 g6 3. Nc3 Bg7 4. Bg5 d6 5. e3 c6 6. Bd3 a6 7. Nge2 b5 8. b4 a5
9. a3 bxc4 10. Bxc4 O-O 11. O-O Nbd7 12. b5 Nb6 13. Ba2 cxb5 14. Nxb5 1/2-1/2

[Event "Estonian Championship"]
[Site "Tallinn"]
[Date "2000.05.01"]
[Round "3"]
[White "Kiik, Kalle"]
[Black "Shevtshenko, Robert"]
[Result "1-0"]
[WhiteElo "2445"]
[BlackElo "2347"]
[PlyCount "81"]
[EventDate "2000.04.29"]

1. Nf3 Nf6 2. b4 g6 3. Bb2 Bg7 4. c4 O-O 5. e3 b6 6. Be2 c5 7. b5 a6 8. O-O
axb5 9. cxb5 Bb7 10. a4 d6 11. d3 Nbd7 12. Nbd2 Qc7 13. Re1 d5 14. Bf1 e5 15.
e4 Rfe8 16. Qc2 h6 17. g3 Nh7 18. Bg2 dxe4 19. dxe4 Nhf8 20. Bh3 Ne6 21. Bxe6
Rxe6 22. Nc4 Nf8 23. Bc3 Rae8 24. Rad1 Ba8 25. Nh4 Nh7 26. f3 Ng5 27. Qd3 f5
28. Qd7 Qxd7 29. Rxd7 fxe4 30. f4 Nf3+ 31. Nxf3 exf3 32. Bxe5 Bf6 33. Red1 g5
34. R1d6 gxf4 35. Rxe6 Rxe6 36. Bxf6 Re1+ 37. Kf2 Re2+ 38. Kf1 Rxh2 39. Ne5
Rh1+ 40. Kf2 Rh2+ 41. Kg1 1-0

[Event "Estonian Championship"]
[Site "Tallinn"]
[Date "2000.05.01"]
[Round "3"]
[White "Sepp, Olav"]
[Black "Sergejev, Roman"]
[Result "1-0"]
[WhiteElo "2412"]
[BlackElo "2377"]
[PlyCount "153"]
[EventDate "2000.04.29"]

1. Nf3 d5 2. d3 c6 3. Nbd2 Nf6 4. e4 dxe4 5. dxe4 g6 6. g3 Bg7 7. Bg2 O-O 8.
O-O c5 9. Qe2 Nc6 10. c3 Qc7 11. Nc4 Nd7 12. Rd1 b6 13. e5 Ba6 14. Bf4 e6 15.
Qe4 Bxc4 16. Qxc4 Rad8 17. Qe4 Ndxe5 18. Nxe5 Nxe5 19. Re1 f6 20. Bxe5 fxe5 21.
Re2 Kh8 22. h4 Qf7 23. Bh3 Qf3 24. Qxf3 Rxf3 25. Bxe6 Rfd3 26. Kg2 Bf6 27. Rae1
Rd2 28. Kf3 R2d6 29. Bc4 Kg7 30. Ke4 R6d7 31. Kf3 Rd6 32. Rh1 h5 33. a4 a5 34.
Rg1 Rd2 35. Ke3 R2d6 36. Kf3 Rf8 37. Ke4 Rfd8 38. Bb5 Rd2 39. Rge1 R2d6 40. Kf3
Rf8 41. Ke4 Rfd8 42. Re3 Rd2 43. R1e2 g5 44. hxg5 Bxg5 45. f4 exf4 46. gxf4 Bh4
47. Rxd2 Rxd2 48. Rh3 Bd8 49. Rxh5 Rxb2 50. Rd5 Bf6 51. Rd7+ Kf8 52. c4 Bc3 53.
Rb7 Rd2 54. Rxb6 Rd4+ 55. Kf3 Ke7 56. f5 Rd6 57. Rb8 Rd8 58. Rb7+ Kf6 59. Bd7
Ke5 60. Be6 Rd4 61. Rc7 Bb4 62. Re7 Kf6 63. Re8 Bc3 64. Rc8 Bb4 65. Kg3 Be1+
66. Kh3 Rd3+ 67. Kg2 Bb4 68. Rf8+ Kg5 69. f6 Kf4 70. f7 Rd2+ 71. Kh3 Bc3 72.
Rg8 Rd3+ 73. Kh4 Bf6+ 74. Kh5 Be7 75. Re8 Bd6 76. Rd8 Ke3 77. Bf5 1-0

[Event "Estonian Championship"]
[Site "Tallinn"]
[Date "2000.05.01"]
[Round "3"]
[White "Svirjov, Igor"]
[Black "Seeman, Tarvo"]
[Result "1-0"]
[WhiteElo "2346"]
[BlackElo "2428"]
[PlyCount "87"]
[EventDate "2000.04.29"]

1. d4 Nf6 2. Nf3 g6 3. b4 Bg7 4. Bb2 O-O 5. e3 d6 6. Be2 e5 7. dxe5 Ng4 8. c4
Nc6 9. Nc3 Ngxe5 10. Nxe5 Nxe5 11. Rc1 Be6 12. Nb5 Nd3+ 13. Qxd3 Bxb2 14. Rd1
Bg7 15. Bf3 Rb8 16. O-O a6 17. Nd4 Bd7 18. Rd2 Qg5 19. Nb3 Rfd8 20. Rfd1 Bf5
21. e4 Bd7 22. Qc2 Be5 23. Rd3 b6 24. g3 f5 25. c5 Bb5 26. R3d2 bxc5 27. bxc5
f4 28. Nd4 Qf6 29. Bg4 h5 30. Bh3 h4 31. gxh4 Qxh4 32. Be6+ Kg7 33. Nf3 Qf6 34.
Bg4 Bc3 35. Rd5 Kh6 36. cxd6 cxd6 37. Rg5 Be8 38. h4 Be5 39. Kg2 Rb2 40. Qc7
Rdb8 41. Nxe5 dxe5 42. Rd6 f3+ 43. Kh3 Qg7 44. Rh5# 1-0

[Event "Estonian Championship"]
[Site "Tallinn"]
[Date "2000.05.01"]
[Round "3"]
[White "Kovaljov, Deniss"]
[Black "Zjukin, Sergei"]
[Result "0-1"]
[WhiteElo "2275"]
[BlackElo "2391"]
[PlyCount "64"]
[EventDate "2000.04.29"]

1. Nf3 Nf6 2. b3 g6 3. Bb2 Bg7 4. e3 O-O 5. Be2 d5 6. O-O c6 7. d4 Bg4 8. Ne5
Bxe2 9. Qxe2 Nbd7 10. Nd3 a5 11. c4 a4 12. cxd5 Nxd5 13. b4 Re8 14. f4 N7b6 15.
Na3 Nc8 16. e4 Nc7 17. Ne5 Nd6 18. Rad1 e6 19. g4 f5 20. d5 exd5 21. exf5 gxf5
22. g5 Ne6 23. Nc2 Nxf4 24. Qf3 Qxg5+ 25. Kh1 Qg2+ 26. Qxg2 Nxg2 27. Rg1 Bxe5
28. Rxg2+ Kh8 29. Nd4 Nc4 30. Nxf5 Bxb2 31. Nh6 Re7 32. Rdg1 Rg7 0-1

[Event "Estonian Championship"]
[Site "Tallinn"]
[Date "2000.05.02"]
[Round "4"]
[White "Rytshagov, Mihhail"]
[Black "Kovaljov, Deniss"]
[Result "1-0"]
[WhiteElo "2542"]
[BlackElo "2275"]
[PlyCount "79"]
[EventDate "2000.04.29"]

1. e4 e6 2. d4 d5 3. e5 c5 4. c3 Qb6 5. Nf3 Bd7 6. a3 Nc6 7. b4 cxd4 8. cxd4
Rc8 9. Bb2 Na5 10. Nbd2 Nc4 11. Nxc4 dxc4 12. Rc1 Qa6 13. d5 exd5 14. Qxd5 Be6
15. Qe4 Ne7 16. Be2 g6 17. O-O Bh6 18. Rcd1 Bf5 19. Qh4 g5 20. Nxg5 Bxg5 21.
Qxg5 Rg8 22. Qe3 Qg6 23. g3 b6 24. Rd2 Be6 25. Rfd1 Nf5 26. Qf3 Ke7 27. Bc3 Rc7
28. b5 Rgc8 29. a4 Ke8 30. Qf4 h5 31. h4 Kf8 32. Qg5 Qxg5 33. hxg5 Kg7 34. Bxh5
Rh8 35. Bf3 Kg6 36. Kg2 Kxg5 37. Rd8 Rc8 38. Rxc8 Rxc8 39. Be4 Ne7 40. Bd2+ 1-0

[Event "Estonian Championship"]
[Site "Tallinn"]
[Date "2000.05.02"]
[Round "4"]
[White "Seeman, Tarvo"]
[Black "Kulaots, Kaido"]
[Result "0-1"]
[WhiteElo "2428"]
[BlackElo "2507"]
[PlyCount "114"]
[EventDate "2000.04.29"]

1. Nf3 Nf6 2. g3 b5 3. Bg2 Bb7 4. O-O e6 5. c3 c5 6. d4 Nc6 7. Bg5 cxd4 8. cxd4
Be7 9. Nc3 b4 10. Na4 d6 11. Bxf6 Bxf6 12. d5 exd5 13. Qxd5 Rb8 14. Qe4+ Ne7
15. Qc2 Qa5 16. Nd2 Rc8 17. Qb3 Bxg2 18. Kxg2 d5 19. Rac1 O-O 20. Rxc8 Rxc8 21.
Nf3 Qb5 22. e3 Nf5 23. Re1 h5 24. Kg1 Nd6 25. Qd1 Ne4 26. Nd4 Bxd4 27. exd4 Qc4
28. b3 Qc2 29. Qe2 g6 30. Nc5 Qxe2 31. Rxe2 Nxc5 32. Rc2 Kf8 33. dxc5 Ke7 34.
Kf1 Kd7 35. Ke2 Kc6 36. Kd3 Re8 37. h4 a5 38. Rc1 Re6 39. Rc2 Re1 40. Kd2 Re4
41. Kd3 f6 42. Rc1 Re8 43. f3 Re7 44. Kd2 g5 45. hxg5 fxg5 46. Kd3 h4 47. gxh4
gxh4 48. Rh1 Rh7 49. Kd4 h3 50. f4 h2 51. Ke3 Kxc5 52. f5 Kd6 53. Kf4 d4 54.
Kg5 d3 55. Kg6 Rh3 56. f6 d2 57. f7 Ke7 0-1

[Event "Estonian Championship"]
[Site "Tallinn"]
[Date "2000.05.02"]
[Round "4"]
[White "Kiik, Kalle"]
[Black "Sepp, Olav"]
[Result "0-1"]
[WhiteElo "2445"]
[BlackElo "2412"]
[PlyCount "70"]
[EventDate "2000.04.29"]

1. d4 Nf6 2. g3 d5 3. Bg2 g6 4. c4 c6 5. cxd5 cxd5 6. Nc3 Bg7 7. Nf3 O-O 8. Ne5
e6 9. O-O Nfd7 10. Nxd7 Bxd7 11. Bf4 Qb6 12. e3 Qxb2 13. Qc1 Qxc1 14. Rfxc1 Bc6
15. Rab1 a6 16. e4 dxe4 17. Nxe4 Bxd4 18. Nd6 Bxg2 19. Kxg2 Nd7 20. Rxb7 Rad8
21. Bg5 Bf6 22. h4 Kg7 23. Rcc7 Bxg5 24. hxg5 Ne5 25. Rb6 Nd3 26. a3 Ne1+ 27.
Kh3 Nf3 28. Kg4 Nd4 29. Rc4 Nf5 30. Nxf5+ gxf5+ 31. Kf4 Rd2 32. f3 Rfd8 33.
Rxa6 R8d3 34. Ra8 Rf2 35. Ke5 Rfxf3 0-1

[Event "Estonian Championship"]
[Site "Tallinn"]
[Date "2000.05.03"]
[Round "5"]
[White "Sepp, Olav"]
[Black "Shevtshenko, Robert"]
[Result "1/2-1/2"]
[WhiteElo "2412"]
[BlackElo "2347"]
[PlyCount "104"]
[EventDate "2000.04.29"]

1. e4 c5 2. Nc3 Nc6 3. g3 g6 4. Bg2 Bg7 5. d3 d6 6. Nh3 e5 7. f4 Nge7 8. O-O
exf4 9. gxf4 f5 10. Be3 O-O 11. Qd2 Rb8 12. Rae1 b5 13. Nd5 b4 14. e5 dxe5 15.
Nxe7+ Nxe7 16. Bxc5 Rb5 17. Qf2 e4 18. Kh1 Qc7 19. d4 Rd8 20. c4 bxc3 21. bxc3
h6 22. a4 Rb3 23. Qa2 Be6 24. Rb1 Rdb8 25. Bb4 Nc6 26. Rxb3 Qf7 27. Qa3 Bxb3
28. Bd6 Rb7 29. Rc1 Qc4 30. Bf1 Qxa4 31. Qxa4 Bxa4 32. d5 Na5 33. c4 Bb2 34.
Re1 Bb3 35. Be5 Bxc4 36. d6 Bxf1 37. Rxf1 Nc4 38. Rb1 a5 39. Bxb2 Nxb2 40. d7
Rxd7 41. Rxb2 a4 42. Rb6 Ra7 43. Rxg6+ Kf7 44. Rg2 a3 45. Ra2 Ke6 46. Ng1 Kd5
47. Ne2 Kc4 48. Kg2 Kb4 49. Kf2 Rc7 50. Rd2 Rc4 51. Ke3 Kb3 52. Nd4+ Rxd4
1/2-1/2

[Event "Estonian Championship"]
[Site "Tallinn"]
[Date "2000.05.03"]
[Round "5"]
[White "Svirjov, Igor"]
[Black "Kiik, Kalle"]
[Result "0-1"]
[WhiteElo "2346"]
[BlackElo "2445"]
[PlyCount "124"]
[EventDate "2000.04.29"]

1. d4 d6 2. Nf3 Bg4 3. e3 Nd7 4. c4 c6 5. Nc3 Ngf6 6. Be2 e5 7. Qc2 Be7 8. O-O
O-O 9. Rd1 Qc7 10. b3 Rfe8 11. Ba3 Bf8 12. dxe5 dxe5 13. Bxf8 Nxf8 14. h3 Bh5
15. b4 a5 16. a3 axb4 17. axb4 Rxa1 18. Rxa1 Bxf3 19. Bxf3 Qe7 20. c5 e4 21.
Be2 Qe5 22. Ra7 Re7 23. Bc4 g5 24. Ne2 Rd7 25. Ra8 Kg7 26. Nd4 Ng6 27. Be2 h5
28. Qd1 Nf4 29. Bf1 g4 30. hxg4 Nxg4 31. g3 Ne6 32. Nxe6+ Qxe6 33. Qa1+ Qf6 34.
Be2 Ne5 35. Kf1 Rd5 36. Re8 h4 37. g4 Nxg4 38. Qxf6+ Nxf6 39. Re7 Rd7 40. Rxd7
Nxd7 41. Bg4 Ne5 42. Bc8 Nd3 43. Bxb7 Nxb4 44. Kg2 Kf6 45. Kh3 Kg5 46. Kg2 Kg4
47. Bc8+ f5 48. Bd7 h3+ 49. Kg1 Nd3 50. Bxc6 Nxc5 51. Be8 Kh4 52. Bb5 Nd3 53.
Bd7 Kg4 54. Bb5 h2+ 55. Kxh2 Nxf2 56. Be2+ Kh4 57. Kg1 Kg3 58. Bh5 Ng4 59. Kf1
Kf3 60. Bg6 Nxe3+ 61. Ke1 Ng2+ 62. Kf1 Nh4 0-1

[Event "Estonian Championship"]
[Site "Tallinn"]
[Date "2000.05.03"]
[Round "5"]
[White "Kovaljov, Deniss"]
[Black "Seeman, Tarvo"]
[Result "0-1"]
[WhiteElo "2275"]
[BlackElo "2428"]
[PlyCount "94"]
[EventDate "2000.04.29"]

1. d4 Nf6 2. Nf3 g6 3. Bg5 Bg7 4. Nbd2 d6 5. c3 O-O 6. e3 Nbd7 7. Bc4 h6 8. Bh4
Qe8 9. Qc2 Kh8 10. O-O-O e5 11. dxe5 dxe5 12. e4 Nh5 13. g4 Nf4 14. g5 h5 15.
Bg3 Nb6 16. Bxf4 exf4 17. Bd3 Na4 18. Rhe1 Nc5 19. Bf1 a5 20. Nd4 Bd7 21. N2f3
b5 22. Nf5 Be6 23. Nxg7 Kxg7 24. c4 b4 25. Qd2 Rd8 26. Qxf4 Rxd1+ 27. Rxd1 Bg4
28. Rd4 Kg8 29. Qe5 Ne6 30. Rd3 Qa4 31. Ne1 Qxa2 32. f3 Qxc4+ 33. Kd2 Nc5 34.
fxg4 Nxe4+ 35. Ke2 Nc5 36. gxh5 Nxd3 37. Nxd3 Qg4+ 38. Kf2 Qxh5 39. Nc5 Qh8 40.
Qxh8+ Kxh8 41. Bc4 Kg7 42. b3 Re8 43. Kf3 Re1 44. h4 Kf8 45. Nb7 Ra1 46. Nd8 a4
47. bxa4 b3 0-1

[Event "Estonian Championship"]
[Site "Tallinn"]
[Date "2000.05.03"]
[Round "5"]
[White "Zjukin, Sergei"]
[Black "Rytshagov, Mihhail"]
[Result "1/2-1/2"]
[WhiteElo "2391"]
[BlackElo "2542"]
[PlyCount "28"]
[EventDate "2000.04.29"]

1. e4 c5 2. Nf3 d6 3. d4 cxd4 4. Nxd4 Nf6 5. Nc3 a6 6. Bg5 e6 7. f4 Nbd7 8. Qf3
Qc7 9. O-O-O b5 10. Bd3 Bb7 11. Rhe1 Be7 12. a3 Qb6 13. Nb3 Rc8 14. Qg3 b4
1/2-1/2

[Event "Estonian Championship"]
[Site "Tallinn"]
[Date "2000.05.04"]
[Round "6"]
[White "Seeman, Tarvo"]
[Black "Zjukin, Sergei"]
[Result "0-1"]
[WhiteElo "2428"]
[BlackElo "2391"]
[PlyCount "147"]
[EventDate "2000.04.29"]

1. Nf3 c5 2. g3 g6 3. Bg2 Bg7 4. O-O Nc6 5. c3 e6 6. e4 Nge7 7. d4 cxd4 8. cxd4
d5 9. e5 O-O 10. Nc3 Nf5 11. Bf4 f6 12. Qd2 Bd7 13. Rfe1 Kh8 14. g4 fxe5 15.
gxf5 exf4 16. fxe6 Be8 17. h4 h6 18. Bh3 Ne7 19. Ne2 Qd6 20. Kg2 Nf5 21. Qxf4
Qxe6 22. Ng3 Qd6 23. Qxd6 Nxd6 24. Rac1 Nb5 25. Re7 Rf7 26. Rxf7 Bxf7 27. Ne5
Be8 28. h5 gxh5 29. f4 Nxd4 30. Rc7 h4 31. Nf5 Ne6 32. Nf7+ Bxf7 33. Rxf7 Nxf4+
34. Kh2 Bxb2 35. Rxb7 Be5 36. Nxh6 Rb8 37. Rxb8+ Bxb8 38. Nf5 Ng6+ 39. Kg2 Kg8
40. Bg4 Kf8 41. Kh3 Bg3 42. Nxg3 hxg3 43. Kxg3 Ke7 44. Kf2 Kd6 45. Ke3 Kc5 46.
Be2 Ne5 47. Bf1 Nc6 48. Kd2 Nb4 49. a3 Nc6 50. Kc3 Ne5 51. Bh3 Nc4 52. Kb3 Nb6
53. Bf5 a5 54. Kc3 Kd6 55. Bh7 Kc5 56. Bf5 d4+ 57. Kc2 a4 58. Kb2 Nc4+ 59. Ka2
Kd5 60. Bc2 Nb6 61. Bd3 Nd7 62. Kb2 Nc5 63. Bg6 Kc4 64. Kc2 d3+ 65. Kd2 Nb3+
66. Ke3 d2 67. Ke2 Kc3 68. Kd1 Kb2 69. Bh5 Kxa3 70. Kc2 Kb4 71. Bd1 a3 72. Kb1
Nd4 73. Bh5 Nb5 74. Kc2 0-1

[Event "Estonian Championship"]
[Site "Tallinn"]
[Date "2000.05.04"]
[Round "6"]
[White "Sepp, Olav"]
[Black "Svirjov, Igor"]
[Result "1-0"]
[WhiteElo "2412"]
[BlackElo "2346"]
[PlyCount "89"]
[EventDate "2000.04.29"]

1. e4 d6 2. d4 Nf6 3. Nc3 g6 4. Nf3 Bg7 5. Be3 Bg4 6. h3 Bxf3 7. Qxf3 e5 8.
dxe5 dxe5 9. Rd1 Qe7 10. Bc4 c6 11. O-O b5 12. Bb3 Nbd7 13. Rd2 h6 14. Rfd1 O-O
15. Rd6 Rfc8 16. g4 Nf8 17. Bxh6 Bxh6 18. Rxf6 Ne6 19. Bxe6 fxe6 20. Rxg6+ Bg7
21. Qe3 Kh7 22. Qg5 Qxg5 23. Rxg5 Rd8 24. Rf1 Bf6 25. Rh5+ Kg6 26. f4 exf4 27.
e5 Be7 28. Ne2 Bc5+ 29. Kh1 Be3 30. Nxf4+ Bxf4 31. Rxf4 Rf8 32. Rf6+ Rxf6 33.
exf6 Rd8 34. Rc5 Rd2 35. g5 a5 36. Kg1 a4 37. Rxc6 e5 38. h4 e4 39. Kf1 e3 40.
Rc7 Kh5 41. f7 Rf2+ 42. Ke1 b4 43. b3 a3 44. Re7 Kg6 45. Re6+ 1-0

[Event "Estonian Championship"]
[Site "Tallinn"]
[Date "2000.05.05"]
[Round "7"]
[White "Kulaots, Kaido"]
[Black "Sepp, Olav"]
[Result "1/2-1/2"]
[WhiteElo "2507"]
[BlackElo "2412"]
[PlyCount "23"]
[EventDate "2000.04.29"]

1. e4 e5 2. Nf3 Nc6 3. Bb5 a6 4. Ba4 Nf6 5. O-O Be7 6. Re1 b5 7. Bb3 d6 8. c3
O-O 9. h3 Na5 10. Bc2 c5 11. d4 Bb7 12. Nbd2 1/2-1/2

[Event "Estonian Championship"]
[Site "Tallinn"]
[Date "2000.05.05"]
[Round "7"]
[White "Kovaljov, Deniss"]
[Black "Kiik, Kalle"]
[Result "1/2-1/2"]
[WhiteElo "2275"]
[BlackElo "2445"]
[PlyCount "78"]
[EventDate "2000.04.29"]

1. d4 Nf6 2. Nf3 e6 3. Bg5 h6 4. Bxf6 Qxf6 5. Nbd2 d6 6. e4 Nc6 7. c3 Bd7 8.
Nc4 e5 9. Ne3 Rc8 10. Bc4 Qg6 11. O-O Be7 12. dxe5 dxe5 13. Bd5 Bd6 14. Nh4 Qf6
15. Nhf5 O-O 16. Qh5 Bxf5 17. Nxf5 Ne7 18. Rad1 Nxf5 19. exf5 c6 20. Bb3 Rcd8
21. Rd3 Bc7 22. Rfd1 Rxd3 23. Rxd3 Rd8 24. Rxd8+ Bxd8 25. h4 Kf8 26. g3 b5 27.
a4 a6 28. axb5 axb5 29. Qd1 Ke7 30. Qg4 Bb6 31. Qb4+ Ke8 32. Qe4 Qd6 33. Kg2
Qc5 34. f4 Bc7 35. Bd1 Kd7 36. fxe5 Bxe5 37. Qd3+ Kc7 38. Bb3 Qe7 39. Qe3 Kd6
1/2-1/2

[Event "Estonian Championship"]
[Site "Tallinn"]
[Date "2000.05.05"]
[Round "7"]
[White "Zjukin, Sergei"]
[Black "Sergejev, Roman"]
[Result "1/2-1/2"]
[WhiteElo "2391"]
[BlackElo "2377"]
[PlyCount "26"]
[EventDate "2000.04.29"]

1. e4 c5 2. Nf3 d6 3. d4 cxd4 4. Nxd4 Nf6 5. Nc3 e6 6. g4 a6 7. g5 Nfd7 8. Be3
Be7 9. h4 Nc6 10. Qe2 Nxd4 11. Bxd4 O-O 12. O-O-O b5 13. Bg2 b4 1/2-1/2

[Event "Estonian Championship"]
[Site "Tallinn"]
[Date "2000.05.05"]
[Round "7"]
[White "Rytshagov, Mihhail"]
[Black "Seeman, Tarvo"]
[Result "1-0"]
[WhiteElo "2542"]
[BlackElo "2428"]
[PlyCount "158"]
[EventDate "2000.04.29"]

1. e4 Nc6 2. Nf3 d6 3. d4 Nf6 4. Nc3 Bg4 5. d5 Nb8 6. Be2 g6 7. h3 Bxf3 8. Bxf3
Bg7 9. O-O O-O 10. Be3 c6 11. a4 cxd5 12. exd5 Nbd7 13. a5 a6 14. Na4 Rc8 15.
c3 Qc7 16. Re1 Rfe8 17. Bd4 h6 18. Be3 Kh7 19. g3 Rb8 20. Ba7 Rbd8 21. Qb3 Ra8
22. Bd4 Rab8 23. Ba7 Rbc8 24. Bd4 Rb8 25. Ba7 Ne5 26. Bg2 Ra8 27. Be3 Nfd7 28.
Nb6 Nxb6 29. Bxb6 Qc4 30. Qc2 Qb5 31. Ra4 Rac8 32. Rae4 Kg8 33. f4 Nd3 34. R1e2
Kf8 35. R4e3 Nc5 36. h4 Na4 37. Kh2 Nxb6 38. axb6 Bf6 39. h5 Kg7 40. hxg6 fxg6
41. Be4 g5 42. Bg6 Qxd5 43. Bh5 Rg8 44. Rxe7+ Bxe7 45. Rxe7+ Kf6 46. Rf7+ Qxf7
47. Bxf7 Kxf7 48. Qh7+ Kf6 49. Qxh6+ Kf5 50. Qh7+ Kg4 51. Kg2 gxf4 52. Qh4+ Kf5
53. Qxf4+ Ke6 54. Qe4+ Kf6 55. Qxb7 a5 56. Qd5 Ke7 57. Qxa5 Kd7 58. Qd5 Rge8
59. Qb7+ Ke6 60. Kf3 d5 61. g4 Kd6 62. g5 Rc6 63. g6 Kc5 64. Qf7 Rcc8 65. b7
Rcd8 66. Qc7+ Kb5 67. g7 Ka6 68. b4 Kb5 69. Qc5+ Ka4 70. Kf4 Kb3 71. Kf5 Kc2
72. Kf6 Rb8 73. Qc7 Kb3 74. Kf7 Rg8 75. Qxb8 Rxb8 76. g8=Q Rxb7+ 77. Ke6 Rc7
78. Kxd5 Rxc3 79. Kd4+ Kc2 1-0

[Event "Estonian Championship"]
[Site "Tallinn"]
[Date "2000.05.06"]
[Round "8"]
[White "Shevtshenko, Robert"]
[Black "Seeman, Tarvo"]
[Result "1/2-1/2"]
[WhiteElo "2347"]
[BlackElo "2428"]
[PlyCount "85"]
[EventDate "2000.04.29"]

1. e4 Nc6 2. Nf3 d6 3. d4 Nf6 4. Nc3 Bg4 5. Be3 e6 6. h3 Bh5 7. d5 exd5 8. exd5
Ne5 9. g4 Bg6 10. Bb5+ Ned7 11. Qe2 Be7 12. O-O-O a6 13. Bc4 Ne4 14. Bd4 Nxc3
15. Bxc3 O-O 16. Nd4 Bg5+ 17. Kb1 Re8 18. Qf1 Bf6 19. f4 Be4 20. Rg1 c5 21.
dxc6 bxc6 22. g5 Bxd4 23. Bxd4 d5 24. Bd3 c5 25. Bf2 Qc7 26. Bxe4 dxe4 27. Be3
Nb6 28. Rg2 Qb7 29. c4 Na4 30. Rc2 Rad8 31. b3 Qb4 32. Bd2 Qb7 33. Ba5 Rxd1+
34. Qxd1 e3 35. Qd5 Qb8 36. Qf3 Nb6 37. Kc1 Qd6 38. Re2 Nxc4 39. bxc4 Qd3 40.
Be1 Rb8 41. Rb2 Qxc4+ 42. Kb1 Qd3+ 43. Kc1 1/2-1/2

[Event "Estonian Championship"]
[Site "Tallinn"]
[Date "2000.05.06"]
[Round "8"]
[White "Sergejev, Roman"]
[Black "Rytshagov, Mihhail"]
[Result "0-1"]
[WhiteElo "2377"]
[BlackElo "2542"]
[PlyCount "112"]
[EventDate "2000.04.29"]

1. e4 c5 2. Nf3 d6 3. d4 cxd4 4. Nxd4 Nf6 5. Nc3 a6 6. Be2 e6 7. O-O Be7 8. f4
O-O 9. Qe1 Qc7 10. Qg3 b5 11. a3 Bb7 12. Bf3 Nbd7 13. Kh1 Nc5 14. Re1 Rad8 15.
b4 Na4 16. Nxa4 bxa4 17. Bb2 g6 18. c4 Rc8 19. Rac1 Rfd8 20. f5 e5 21. fxg6
hxg6 22. Nf5 Kf8 23. Nh6 Kg7 24. Ng4 Nh5 25. Qf2 Bg5 26. Rc3 f6 27. g3 Rh8 28.
Bg2 Qf7 29. c5 dxc5 30. bxc5 Bc6 31. Rd3 Qe6 32. Bf3 Rcd8 33. Red1 Rxd3 34.
Rxd3 Qc4 35. Rd6 Nxg3+ 36. Kg2 Nxe4 37. Nxe5 fxe5 38. Bxe5+ Kh6 39. Rd4 Nxf2
40. Rxc4 Bxf3+ 41. Kxf3 Rf8+ 42. Kg3 Re8 43. c6 Rxe5 44. c7 Ne4+ 45. Rxe4 Rc5
46. Rxa4 Rxc7 47. Rxa6 Rc3+ 48. Kg4 Rc2 49. h3 Rc4+ 50. Kf3 Rc3+ 51. Kg2 Bf4
52. a4 Rg3+ 53. Kh2 Kh5 54. Ra8 Rg5+ 55. Kh1 Kh4 56. Rh8+ Kg3 0-1